000 00256nam a22001097a 4500
008 170124b xxu||||| |||| 00| 0 eng d
020 _a9780323047029
041 _aeng
080 _a618.2
245 _aMOSBY'S NURSING DRUG REFERENCE
_cMOSBY
942 _2udc
_cBK
999 _c3530
_d3530